1529 1453 1272 1840 1941 1416 1211 1626 1385 1347 1280 1244 1277 1582 1175 1617 1016 1794 1688 1194 1844 1573 1760 1000 1063 1311 1016 1475 1011 1099 1434 1893 1786 1739 1320 1101 1544 1218 1873 1449 1567 1280 1315 1877 1811 1515 1693 1696 1093 1953 1368 1577 1728 1216 1013 1537 1426 1164 1571 1068 1017 1628 1991 1190 1759 1497 1196 1039 1869 1524 1922 1463 1877 1088 1668 1830 1741 1397 1781 1816 1729 1666 1387 1849 1962 1138 1433 1230 1228 1759 1475 1583 1045 1948 1566 1365 1075 1220 1737 BCNSPRNW ULIB Ver.6.0+V

เปลี่ยนเป็นภาษาไทย

Change to English
 แสดงรายละเอียดบรรณานุกรม
  กลับหน้าหลัก

Brief Record : Get Marc (ISO 2709) : E-mail record : QR code < ปิดหน้าต่าง
LEADER : 00000nam 2200000uu 4500
001    13399113934
003     ULIB
008    110320s||||||||th 000 0 tha d
099    วจ.WC503.6^bพ692ค
100 0  พินทอง ปินใจ
245 00 คุณภาพชีวิตและจิตสังคมของผู้ดูแลเด็กติดเชื้อ HIV และเอดส์:กรณีศึกษาโรงพยาบาลพะเยา/^cพินทอง ปินใจ,พวงผกา พรหมเผ่า และ ชุติมา รักเหล่า
260    พะเยา :^bวิทยาลัยพยาบาลบรมราชชนนี พะเยา,^c2553
300    75 หน้า :^bตาราง
500    รายงานการวิจัย
650  7 โรคเอดส์ในเด็ก^xวิจัย
700 0  พวงผกา พรหมเผ่า
700 0  ชุติมา รักเหล่า
710 2  วิทยาลัยพยาบาลบรมราชชนนี. ^bพะเยา
945    ^p0^l0^i030965
995    ทศพร
999 ^a ใช้งานได้ทุกระบบ
รายการนี้ยังไม่มีแท็ก
คุณยังไม่ได้ล็อกอิน คุณสามารถมีกิจกรรมร่วมกับเว็บไซต์ได้ แต่ต้องล็อกอินก่อน ::
  ล็อกอิน

รายการสื่อสารสนเทศ

ลำดับที่ ประเภท เลขเรียก/บาร์โค้ด สถานที่ สถานะ
1. งานวิจัย
งานวิจัย
วจ.WC503.6 พ692ค ฉ.1 
  Barcode: 030965
ห้องสมุดวิทยาเขตสวรรค์ประชารักษ์
►วิจัย
บนชั้น

รายการใกล้เคียง
    ผู้แต่ง [พินทอง ปินใจ]

BibComment


ยังไม่เคยถูกคอมเมนท์

คอมเมนท์ทรัพยากรรายการนี้
  คอมเมนท์: คุณภาพชีวิตและจิต..


 Copyright 2026. Bcnsprnw @Library